Dokonalá hra manažment podľa princípov

Saved in:
Bibliographic Details
Main Author: Siváček, Miro
Format: Book
Language:Slovak
Published: Bratislava Marenčin PT 2018
Edition:1. vydanie
Subjects:
Tags: Add Tag
No Tags, Be the first to tag this record!

MARC

LEADER 00000nam a2200000 4500
001 0277983
005 20240221112649.6
020 |a 978-80-569-0350-6 
041 0 |a slo 
044 |a SK 
245 1 0 |a Dokonalá hra  |b manažment podľa princípov  |c Miro Siváček 
250 |a 1. vydanie 
264 1 |a Bratislava  |b Marenčin PT  |c 2018 
300 |a 220 s. 
610 2 0 |a manažéri 
610 2 0 |a lídri 
610 2 0 |a osobnosť 
610 2 0 |a riadenie podnikové 
610 2 0 |a schopnosti pracovné 
610 2 0 |a zodpovednosť 
610 2 0 |a zručnosti 
610 2 0 |a stratégia podniková 
610 2 0 |a plánovanie 
610 2 0 |a rozhodovanie 
610 2 0 |a vedenie ľudí 
100 1 |a Siváček, Miro